Responses for show #6128 - Wednesday, April 13, 2011

Contestants

Sara Heard, a housewife from Brooklyn, New York

Michelle Franklin, a localization editor from San Diego, California

Tim Kresowik, a urology resident from Iowa City, Iowa (whose 2-day cash winnings total $42,201)

Jeopardy! Round responses

THINKING GREEN
MGM WOULD HAVE CHANGED YOUR NAME
THAT'S MY DRINK
"C" SERPENTS
VIRGIN BERTHS
PLAYING FOOTBALL FOR VOCABULARY
    $200 9
the Christmas tree

Sara
    $200 20
Renée Zellweger

Sara
    $200 8
Tom

Michelle
    $200 4
a cobra

Tim
    $200 19
Titanic

Sara
    $200 1
down

Tim
    $400 11
a bottle bill

Tim
    $400 21
Chuck

Tim
    $400 10
Jack

Michelle
    $400 7
the carpet python

Triple Stumper
    $400 22
(Sara: What is submarine?)
...
(Alex: Yes, nuclear power.)

an aircraft carrier

TimSara
    $400 2
pass

Tim
    $600 13
photovoltaic

Michelle
    $600 27
Jane Krakowski

Michelle
    $600 17
Rickey

Michelle
    $600 12
a copperhead

Michelle
    $2,000 23
(Alex: Tim?)
(Tim: What is the Serpent?)
(Alex: No. Famous ship, they had a mutiny on it.)

the Bounty

Tim
    $600 3
a block

Sara
    $800 14
lead

Tim
    $800 29
[Michelle first pronounced the last name with a "jo" sound; Alex corrected her to "yo".]
(Michelle: See, I said it wrong!)

Milla Jovovich

Michelle
    $800 26
Alexander

Sara
    $800 16
a coral snake

Sara
    $800 24
(Sara: What is the Queen Mary?)

the Queen Elizabeth

TimSara
    $800 5
tackle

Tim
    $1000 15
battery electric vehicle

Triple Stumper
    $1000 30
Gabourey Sidibe

Michelle
    $1000 28
Maria

Sara
    $1000 18
a cottonmouth

Tim
    $1000 25
Thor Heyerdahl

Tim
    $1000 6
interference

Sara

Scores at the first commercial break (after clue 15):

Tim Michelle Sara
$2,800 $1,800 $1,800

Scores at the end of the Jeopardy! Round:

Tim Michelle Sara
$4,400 $4,800 $3,600

Double Jeopardy! Round responses

(Alex: We're talking about population now...)
THE BIGGEST U.S. CITY STARTING WITH...
BIOPICS BY SUBJECT
LOST TEXTS FROM BEN FRANKLIN
PICTURE "D"IS
AN AUTHOR IS BORN
YOU'RE SO COLORFUL
    $400 2
Memphis

Michelle
    $400 4
Stand and Deliver

Tim
    $400 23
[Alex reads the clue as "Oh my God! So tired of bro James beating me up! I'm 17 and running away to live in this city! Market Street is great!"]

Philadelphia

Tim
    $400 1
a drive-thru

Tim
    $400 14
Asimov

Tim
    $400 9
red alert

Sara
    $800 3
Phoenix

Sara
    $800 20
The Motorcycle Diaries

Michelle
    $800 24
[Alex reads the clue as "1758 will be last year of me writing and publishing this. Been at it for 25 years, that's enough."]

Poor Richard's Almanack

Sara
    $800 8
dowsing

Sara
    $800 15
Hemingway

Tim
    $800 10
the pink

Sara
    $1200 5
(Michelle: What is Jersey City?)

Jacksonville

TimMichelle
    $1200 25
Cinderella Man

Michelle
    $1200 28
[Alex reads the clue as "This 2-word invention of mine saved my house during bad storm! An ounce of prevention is worth a pound of cure!"]

a lightning rod

Sara
    $1200 19
a Dutch door

Sara
    $1200 16
(John) Bunyan

Tim
    $1200 11
to brown bag

Tim
    $1600 6
Raleigh

Michelle
    $1600 26
Goodfellas

Sara
    $1600 29
[Alex reads the clue as "1738: War over! Didn't get Canada today when I signed Treaty of this but USA here to stay!"]

(Treaty of) Paris

Tim
    $2,800 21
Disraeli

Michelle
    $1600 17
O. Henry

Tim
    $1600 12
the silver lining

Sara
    $1,600 7
(Michelle: What is Atlanta?)

Austin (Texas)

Michelle
    $2000 27
The Basketball Diaries

Michelle
    $2000 30
[Alex reads the clue as "1722: Wrote 14 essays as 'Silence' this: great to make fun of kids at Harvard! Laugh out loud!"]

Dogood

Triple Stumper
    $2000 22
a diode

Tim
    $2000 18
[Applause for Tim's run of the category]
(Alex: Well done. You ran the category, and as a result, you're in the lead now with $13,600.)

Thomas Wolfe

Tim
    $2000 13
gray matter

Sara

Scores at the end of the Double Jeopardy! Round:

Tim Michelle Sara
$17,600 $10,800 $14,800

[wagering suggestions for these scores]

Final Jeopardy! Round responses

NOBEL PEACE PRIZE WINNERS
(Alex: It's the only time three men have shared the Nobel Peace Prize. Yasir Arafat was one of the winners. The other two were prime ministers of Israel.)
...
(Alex: [To Tim] No, Begin won in another year with Anwar Sadat.)
MichelleWho Netanyahu and ??
$5,000
SaraWho are Rabin and Shamir?
$6,801
TimWho are Begin + Rabin?
$12,001
Shimon Peres & Yitzhak Rabin

Final scores:

Tim Michelle Sara
$5,599 $5,800 $7,999
3rd place: $1,000 2nd place: $2,000 New champion: $7,999

Game dynamics:

Coryat scores:

Tim Michelle Sara
$19,600 $11,200 $14,800
23 R,
1 W
(including 1 DD)
14 R
(including 1 DD),
2 W
(including 1 DD)
18 R,
2 W

Combined Coryat: $45,600

The J! Archive is created by fans, for fans. The Jeopardy! game show and all elements thereof, including but not limited to copyright and trademark thereto, are the property of Jeopardy Productions, Inc. and are protected under law. This website is not affiliated with, sponsored by, or operated by Jeopardy Productions, Inc. Join the discussion at JBoard.tv.